00455 2200181 4500001002100000005001700021008004100038035002600079245001500105100001500120260004100135300002100176020002200197082000800219084001400227990001600241990001600257INLIS00000000000051620210217104104.0210217| ||| | ind  a 0010-02210000000051600cAditya P.H0 aAditya P.H aJakartabPT Adfale Prima Ciptac2008 a48 hlm. ;c21cm. a978-602-806-304-30 a630 a630 ADI a a00000001079 a00000001080